000 00221nam a22000857a 4500
008 161124b xxu||||| |||| 00| 0 eng d
100 _91379
_aMorais.P
245 _aThe Little Stork Catahes
260 _aNEw Delhi
_bBPI India
_c2011
999 _c4093
_d4093